| 000 | 01313cam a2200361 i 4500 | ||
|---|---|---|---|
| 001 | 22035567 | ||
| 005 | 20221117152840.0 | ||
| 008 | 210514s2021 enk b 001 0 eng | ||
| 010 | _a 2021939183 | ||
| 020 |
_a9780198836322 _q(paperback) |
||
| 040 |
_aDLC _beng _erda _cDLC |
||
| 042 | _apcc | ||
| 043 |
_ae-uk--- _ae------ |
||
| 050 | 0 | 0 |
_aKD2212 _b.W48 2021 |
| 082 |
_a343.410721 _bWHI |
||
| 100 | 1 |
_aWhish, Richard, _eauthor. _9102939 |
|
| 245 | 1 | 0 |
_aCompetition law / _cRichard Whish, David Bailey. |
| 250 | _aTenth edition. | ||
| 264 | 1 |
_aOxford, United Kingdom : _bOxford University Press, _c2021 |
|
| 300 |
_axcviii, 1084 pages ; _c24 cm |
||
| 336 |
_atext _btxt _2rdacontent |
||
| 337 |
_aunmediated _bn _2rdamedia |
||
| 338 |
_avolume _bnc _2rdacarrier |
||
| 504 | _aIncludes bibliographical references and index. | ||
| 650 | 0 |
_aRestraint of trade _zGreat Britain. _9102940 |
|
| 650 | 0 |
_aAntitrust law _zGreat Britain. _9102941 |
|
| 650 | 0 |
_aRestraint of trade _zEuropean Union countries. _9102942 |
|
| 650 | 0 |
_aAntitrust law _zEuropean Union countries. _9102943 |
|
| 700 | 1 |
_aBailey, David _c(Attorney), _eauthor. _9102944 |
|
| 906 |
_a7 _bcbc _corigcop _d2 _eepcn _f20 _gy-gencatlg |
||
| 942 |
_2ddc _cBK |
||
| 999 |
_c592373 _d592373 |
||